000 00818nam a2200253 i 4500
001 bg
100 1 _aROETZHEIM, Wiliam H.
245 1 0 _aLaboratorium złożoności /
_cWiliam H. Roetzheim ; [tł. z ang. Małgorzata Syczewska].
260 _aWarszawa :
_bIntersoftland,
_c1994
_aHemel Hempstead=
_bPrentice Hall.
300 _a197, [1] s., [8] k.tabl. kolor. :
_bfot., rys. ;
_c24 cm +
_edyskietka.
490 1 _aTechnologie XXI wieku
504 _aIndeks.
650 9 _aTeoria złożoności
_xzagadnienia
650 9 _aCybernetyka
_xzagadnienia
700 1 _aSYCZEWSKA, Małgorzata.
_eTł.
830 _aTechnologie XXI wieku
020 _a8386389028
040 _cBPK
041 1 _apl
_hen
080 _a681.322.06:007
920 _a83-86389-02-8
942 _cKS
008 s pl f |000 0 pol
999 _c6797
_d6797
856 _uhttp://koha.tu.koszalin.pl/cgi-bin/koha/opac-detail.pl?biblionumber=6797
_yKatalog online BPK